| 000 | 00626nam a2200193 a 4500 | ||
|---|---|---|---|
| 005 | 20230520064015.0 | ||
| 008 | 030619s1980 mx r 000 0 spa d | ||
| 035 | _aUPN01000126226 | ||
| 049 | _aSEP | ||
| 050 | 4 |
_aH31 _bC4 no.84 |
|
| 245 | 0 | 0 |
_aBalance y perspectivas de la historiografía social en México / _cMa. Teresa Huerta ... [et al.]. |
| 260 |
_aMéxico : _bINAH, _c1980. |
||
| 300 | _a2 v. | ||
| 440 | 0 |
_aCientífica ; _v84 _pFuentes. _pHistoria social |
|
| 650 | 4 |
_aCIENCIAS SOCIALES - _vCOLECCIONES _910421 |
|
| 651 | 4 |
_aMéxico _xHistoriografía _91528 |
|
| 700 | 1 |
_aHuerta,,María Teresa, _ecoaut. |
|
| 905 | _aLibro | ||
| 999 |
_c98405 _d98405 |
||